EFFECT OF COMBINATION OF CONTINUOUS GAMMA IRRADIATION AND RESTRAINT ON SERUM AND TISSUE LIPIDS IN RAT

Bibliographic Details
Main Authors: Sedláková, Anna (Author), Ahlers, Ivan, 1933- (Author), Ahlersová, Eva, 1934- (Author), Praslička, Milan, 1923-1985 (Author)
Format: Article
Language:English

MARC

LEADER 00000nab a2200000uu 4500
001 vtls011442362
003 SK-MaSNL
005 20260303123331.0
008 230213|1971 xo |||||||||||||||||eng|
015 |a SNBRB 
035 |a (urnnbn)urn:nbn:sk:snk:ar-00325u 
035 |a (uuid)f8af0dd7-b06d-4736-95a4-f2f9ed8bb35a 
035 |a urn:nbn:sk:snk-abcge9 
040 |a SNKBUCL  |b slo  |c SNKBUCL  |e AACR2 
041 0 |a eng 
044 |a xo  |c SK 
100 1 |a Sedláková, Anna  |4 aut  |9 548806 
245 1 0 |a EFFECT OF COMBINATION OF CONTINUOUS GAMMA IRRADIATION AND RESTRAINT ON SERUM AND TISSUE LIPIDS IN RAT  |c Anna Sedláková, Eva Ahlersová, Ivan Ahlers, Milan Praslička 
700 1 |a Ahlers, Ivan,  |d 1933-  |4 aut  |9 194439 
700 1 |a Ahlersová, Eva,  |d 1934-  |4 aut  |9 194440 
700 1 |a Praslička, Milan,  |d 1923-1985  |4 aut  |9 37145 
773 0 |t Biológia : časopis Slovenskej akadémie vied  |g Roč. 26, č. 12 (1971), s. 909-913 
954 |a odborná, vedecká literatúra pôvodná (slovenská)  |2 lita 
958 |a OND 
958 |a EUIPO 
958 |a article16 
999 |c 1925312  |d 1927242